000 00456nab a2200145Ia 4500
003 ES-SlBCS
005 20210601132851.0
008 140529s1961 xxu||||| |||| 00| 0 ita d
041 _aita
100 1 _aBanchetti, Silvestro
_9199621
245 0 0 _aProfilo dell'estetica gentiliana
_c Silvestro Banchetti
600 1 _aEstética-Gentile, Giovanni
_9199651
773 0 _tGiornali di Metafisica
_gvol. 16, nº. 6, 1961, págs. 738-750
_w0017-0372
942 _cAR
999 _c586907
_d586907